[Event "POL-ch Rapid U18 Girls"]
[Site "Bydgoszcz"]
[Date "2023.08.30"]
[Round "9"]
[White "Babinska, Liwia"]
[Black "Lukasik, Aleksandra"]
[Result "1-0"]
[WhiteElo "1384"]
[BlackElo "1123"]
[PlyCount "65"]
[EventDate "2023.08.28"]
[EventType "swiss"]
[EventRounds "11"]
[EventCountry "POL"]
[SourceTitle "EXT 2024"]
[Source "ChessBase"]
[SourceDate "2023.10.10"]
[SourceVersion "1"]
[SourceVersionDate "2023.10.10"]
[SourceQuality "1"]

1. e4 d6 2. d4 Nf6 3. Nc3 Nbd7 4. Nf3 e5 5. dxe5 dxe5 6. Bc4 Be7 7. 0-0 h6 8. h3 c6 9. Be3 Qc7 10. a3 Nf8 11. b4 g5 12. Rb1 Ng6 13. Re1 Rg8 14. a4 Nf4 15. b5 Bd7 16. bxc6 bxc6 17. Ba6 Bc8 18. Bxc8 Rxc8 19. Rb3 g4 20. hxg4 Nxg4 21. Bxf4 exf4 22. Qb1 Bc5 23. Rf1 Bb6 24. e5 h5 25. Ne4 Rd8 26. Rd1 Rxd1+ 27. Qxd1 Qe7 28. a5 Bxa5 29. Rb8+ Bd8 30. Nd6+ Kf8 31. Nf5 a5 32. Rxd8+ Qxd8 33. Qxd8# 1-0

[Event "POL-ch Rapid U18 Girls"]
[Site "Bydgoszcz"]
[Date "2023.08.29"]
[Round "4"]
[White "Moczala, Maja"]
[Black "Babinska, Liwia"]
[Result "1-0"]
[WhiteElo "1660"]
[BlackElo "1384"]
[PlyCount "77"]
[EventDate "2023.08.28"]
[EventType "swiss"]
[EventRounds "11"]
[EventCountry "POL"]
[SourceTitle "EXT 2024"]
[Source "ChessBase"]
[SourceDate "2023.10.10"]
[SourceVersion "1"]
[SourceVersionDate "2023.10.10"]
[SourceQuality "1"]

1. e4 c5 2. Nf3 g6 3. c3 Nf6 4. e5 Nd5 5. d4 cxd4 6. cxd4 Nc6 7. Bc4 Nb6 8. Bb3 Bg7 9. 0-0 0-0 10. Nc3 d6 11. exd6 Qxd6 12. Nb5 Qd8 13. Be3 e6 14. Qe2 a6 15. Nc3 Nd5 16. Nxd5 exd5 17. Rfd1 Na5 18. Bc2 Re8 19. b3 Nc6 20. Rac1 Bg4 21. h3 Bd7 22. Qd2 Rc8 23. Bb1 Qb6 24. Kh2 Ne7 25. Rxc8 Rxc8 26. Rc1 Rxc1 27. Qxc1 Nf5 28. Bxf5 Bxf5 29. Qc3 Qd6+ 30. g3 Qd7 31. h4 Bg4 32. Ne5 Bxe5 33. dxe5 Be6 34. Qc5 Qc6 35. Qe7 Qd7 36. Qf6 Kf8 37. Bh6+ Ke8 38. Qh8+ Ke7 39. Bg5+ 1-0

[Event "POL-ch U12 Girls"]
[Site "Uniejow"]
[Date "2021.07.23"]
[Round "7"]
[White "Babinska, Liwia"]
[Black "Pawlikowska, Ewa"]
[Result "1-0"]
[WhiteElo "1198"]
[BlackElo "1167"]
[PlyCount "149"]
[EventDate "2021.07.18"]
[EventType "swiss"]
[EventRounds "9"]
[EventCountry "POL"]
[SourceTitle "EXT 2022"]
[Source "ChessBase"]
[SourceDate "2021.10.06"]
[SourceVersion "1"]
[SourceVersionDate "2021.10.06"]
[SourceQuality "1"]

1. e4 c5 2. Nf3 a6 3. d4 cxd4 4. Nxd4 Nf6 5. Nc3 e5 6. Nf5 d5 7. Ng3 d4 8. Nb1 b5 9. Be2 Bb7 10. c3 Bc5 11. Qd3 dxc3 12. Qxd8+ Kxd8 13. Nxc3 Nc6 14. 0-0 Nd4 15. Bd3 Kc7 16. Be3 Rhd8 17. Rac1 Kb6 18. Rfd1 Rac8 19. h3 Ka7 20. Kf1 h5 21. Bg5 Rd6 22. Bxf6 gxf6 23. Nxh5 Rcd8 24. Ne2 f5 25. Rxc5 fxe4 26. Bxe4 Bxe4 27. Rxe5 Nxe2 28. Rxd6 Rxd6 29. Kxe2 Bxg2 30. Re7+ Kb6 31. Rxf7 Bxh3 32. Nf4 Be6 33. Nxe6 Rxe6+ 34. Kd2 Rd6+ 35. Kc3 Rc6+ 36. Kb3 a5 37. a4 bxa4+ 38. Kxa4 Rc4+ 39. Kb3 Rb4+ 40. Kc3 Kc6 41. Rf5 Kb6 42. f4 Re4 43. Rf8 Kc7 44. f5 Kd7 45. f6 Rf4 46. f7 Rf5 47. Ra8 Rxf7 48. Ra7+ Ke6 49. Rxf7 Kxf7 50. Kb3 Ke6 51. Ka4 Kd7 52. Kxa5 Kc7 53. b4 Kc6 54. Ka6 Kc7 55. b5 Kc8 56. Ka7 Kc7 57. b6+ Kc6 58. b7 Kc5 59. b8Q Kc6 60. Qb4 Kd5 61. Qc3 Kd6 62. Kb6 Kd5 63. Qc5+ Ke6 64. Qd4 Ke7 65. Kc7 Ke6 66. Qd6+ Kf5 67. Qe7 Kf4 68. Kd6 Kf5 69. Qe5+ Kg4 70. Qf6 Kg3 71. Ke5 Kg4 72. Qf4+ Kh5 73. Qg3 Kh6 74. Kf6 Kh7 75. Qg7# 1-0

[Event "POL-ch U12 Girls"]
[Site "Uniejow"]
[Date "2021.07.20"]
[Round "2"]
[White "Smietanska, Wiktoria"]
[Black "Babinska, Liwia"]
[Result "1-0"]
[WhiteElo "1819"]
[BlackElo "1198"]
[PlyCount "53"]
[EventDate "2021.07.18"]
[EventType "swiss"]
[EventRounds "9"]
[EventCountry "POL"]
[SourceTitle "EXT 2022"]
[Source "ChessBase"]
[SourceDate "2021.10.06"]
[SourceVersion "1"]
[SourceVersionDate "2021.10.06"]
[SourceQuality "1"]

1. d4 d5 2. Bf4 Nf6 3. e3 e6 4. Nd2 c5 5. c3 Nc6 6. Ngf3 Bd6 7. Bg3 b6 8. Bd3 0-0 9. Ne5 Ne7 10. 0-0 c4 11. Bc2 Bb7 12. Qe2 b5 13. e4 Ng6 14. Nxg6 fxg6 15. e5 Bc7 16. exf6 Bxg3 17. Qxe6+ Kh8 18. fxg7+ Kxg7 19. fxg3 Rb8 20. Rxf8 Qxf8 21. Qe5+ Kg8 22. Rf1 Qc8 23. Qe7 a5 24. Rf7 Qe8 25. Rg7+ Kh8 26. Rxh7+ Kg8 27. Qg7# 1-0